[Event "Rheinland Pfalz Seniors op"]
[Site "Altenkirchen"]
[Date "2023.09.11"]
[Round "7"]
[White "Supplieth, Peter"]
[Black "Zunker, Reinhard"]
[Result "1/2-1/2"]
[WhiteElo "1862"]
[BlackElo "1952"]
[PlyCount "70"]
[EventDate "2023.09.05"]
[EventType "swiss"]
[EventRounds "9"]
[EventCountry "GER"]
[SourceTitle "EXT 2024"]
[Source "ChessBase"]
[SourceDate "2023.10.10"]
[SourceVersion "1"]
[SourceVersionDate "2023.10.10"]
[SourceQuality "1"]

1. e4 c5 2. c3 Nf6 3. e5 Nd5 4. d4 cxd4 5. cxd4 e6 6. Nf3 d6 7. Bc4 Nb6 8. Bb5+ N8d7 9. 0-0 a6 10. Be2 Nd5 11. Re1 Qc7 12. Bd2 dxe5 13. dxe5 Bc5 14. Qb3 0-0 15. Nc3 Nxc3 16. Qxc3 b5 17. b4 Bb6 18. Rac1 Qa7 19. Rf1 Bb7 20. Bf4 Rfc8 21. Qd2 Rxc1 22. Qxc1 Bd5 23. Qc2 Nf8 24. Bg3 Qb7 25. Rc1 h6 26. a3 Ng6 27. Ne1 Ne7 28. Bf3 Rc8 29. Qd2 Rd8 30. Qe2 Nf5 31. Bxd5 Qxd5 32. Kf1 g6 33. Rc3 Qb7 34. Nd3 Qd5 35. Nc5 Bxc5 1/2-1/2

[Event "Rheinland Pfalz Seniors op"]
[Site "Altenkirchen"]
[Date "2023.09.10"]
[Round "6"]
[White "Gollasch, Theo Heinz"]
[Black "Supplieth, Peter"]
[Result "1-0"]
[WhiteElo "2000"]
[BlackElo "1862"]
[PlyCount "107"]
[EventDate "2023.09.05"]
[EventType "swiss"]
[EventRounds "9"]
[EventCountry "GER"]
[SourceTitle "EXT 2024"]
[Source "ChessBase"]
[SourceDate "2023.10.10"]
[SourceVersion "1"]
[SourceVersionDate "2023.10.10"]
[SourceQuality "1"]

1. Nf3 Nf6 2. g3 d6 3. d4 c6 4. Bg2 Nbd7 5. c4 e5 6. Nc3 Be7 7. Qc2 0-0 8. 0-0 exd4 9. Nxd4 Ne5 10. b3 Ng6 11. Nf5 Bxf5 12. Qxf5 Qd7 13. Qc2 Rad8 14. Rd1 Qe6 15. e4 Qc8 16. a4 Rfe8 17. Be3 Qb8 18. a5 Ng4 19. Bc1 Qc7 20. h3 Nf6 21. Be3 Ra8 22. Qe2 Nd7 23. Ra2 Bf6 24. Qd2 Red8 25. Bd4 Be7 26. Rda1 Nc5 27. Qc2 Ne6 28. Be3 Bf6 29. Rd1 Nc5 30. f4 Na6 31. Ra4 Qe7 32. Kh2 Nf8 33. Ne2 Ne6 34. b4 g6 35. Qb3 Bg7 36. Ra2 Rd7 37. Rad2 c5 38. b5 Nb4 39. e5 Rad8 40. exd6 Rxd6 41. Rxd6 Rxd6 42. Rxd6 Qxd6 43. Bxb7 h6 44. Bc6 Nc7 45. Bg2 Ne6 46. Bg1 Bf6 47. Qf3 Qd8 48. Qa8 Qxa8 49. Bxa8 Bd8 50. a6 Bb6 51. Nc3 Kf8 52. Na4 Nc7 53. Nxb6 axb6 54. Bb7 1-0

[Event "Altenkirchen Seniors op 19th"]
[Site "Altenkirchen"]
[Date "2022.07.23"]
[Round "5"]
[White "Supplieth, Peter"]
[Black "Fasel, Joerg"]
[Result "0-1"]
[WhiteElo "1888"]
[BlackElo "1801"]
[PlyCount "88"]
[EventDate "2022.07.19"]
[EventType "swiss"]
[EventRounds "9"]
[EventCountry "GER"]
[SourceTitle "CBM 209 Extra"]
[Source "ChessBase"]
[SourceDate "2022.09.30"]
[SourceVersion "1"]
[SourceVersionDate "2022.09.30"]
[SourceQuality "1"]

1. e4 d5 2. exd5 Nf6 3. Nf3 Nxd5 4. d4 g6 5. c4 Nb6 6. Nc3 Bg7 7. Be3 0-0 8. Be2 Bg4 9. 0-0 Nc6 10. d5 Ne5 11. Nxe5 Bxe2 12. Qxe2 Bxe5 13. Rac1 Bg7 14. Rfd1 Nd7 15. b3 Re8 16. Qf3 Qc8 17. c5 Ne5 18. Qe2 a6 19. h3 e6 20. d6 c6 21. Bd4 Nd7 22. Bxg7 Kxg7 23. Ne4 Qd8 24. Qb2+ e5 25. Rd3 f5 26. Ng3 Qf6 27. b4 e4 28. Qxf6+ Kxf6 29. Rb3 Re5 30. Re1 Rae8 31. Nf1 Rd5 32. f3 Rd4 33. fxe4 Rexe4 34. Rxe4 Rxe4 35. Kf2 Ne5 36. g3 Rxb4 37. Nd2 a5 38. Ke3 Nd7 39. a3 Rxb3+ 40. Nxb3 a4 41. Na5 Nxc5 42. Nc4 Ke6 43. Kd4 Nb3+ 44. Kc3 b5 0-1

[Event "Altenkirchen Seniors op 18th"]
[Site "Altenkirchen"]
[Date "2021.07.02"]
[Round "1"]
[White "Supplieth, Peter"]
[Black "Nelles, Werner"]
[Result "1-0"]
[WhiteElo "1865"]
[BlackElo "1335"]
[PlyCount "83"]
[EventDate "2021.07.02"]
[EventType "swiss"]
[EventRounds "9"]
[EventCountry "GER"]
[SourceTitle "CBM 203 Extra"]
[Source "ChessBase"]
[SourceDate "2021.09.30"]
[SourceVersion "1"]
[SourceVersionDate "2021.09.30"]
[SourceQuality "1"]

1. e4 e5 2. Nf3 Nc6 3. Bb5 d6 4. d4 Bd7 5. c3 a6 6. Ba4 h6 7. Be3 Nf6 8. Nbd2 Ng4 9. 0-0 Nxe3 10. fxe3 Qe7 11. Qe1 0-0-0 12. Qg3 g5 13. d5 Na7 14. Bxd7+ Qxd7 15. Nc4 f6 16. a4 h5 17. h4 g4 18. Nfd2 Be7 19. b4 b6 20. Qe1 Rdf8 21. Rf5 Rh6 22. Qe2 Kb7 23. Nb2 Rb8 24. c4 Kc8 25. Nd3 Kd8 26. Nf1 Qe8 27. Ng3 Qg6 28. Rff1 Kd7 29. Nf5 Rh7 30. c5 dxc5 31. bxc5 Kd8 32. d6 cxd6 33. cxd6 Bf8 34. Nb4 Rbb7 35. Qxa6 Rhd7 36. Nd5 Nc8 37. Rad1 Ra7 38. Qb5 Ra5 39. Qb4 Bxd6 40. Nxd6 Rxd5 41. Rxd5 Nxd6 42. Rxd6 1-0

[Event "Hofheim Spring op-B 7th"]
[Site "Hofheim"]
[Date "2019.04.26"]
[Round "7"]
[White "Krischak, Werner"]
[Black "Supplieth, Peter"]
[Result "1-0"]
[WhiteElo "1775"]
[BlackElo "1904"]
[PlyCount "95"]
[EventDate "2019.04.23"]
[EventType "swiss"]
[EventRounds "9"]
[EventCountry "GER"]
[SourceTitle "CBM 190 Extra"]
[Source "ChessBase"]
[SourceDate "2019.07.15"]
[SourceVersion "1"]
[SourceVersionDate "2019.07.15"]
[SourceQuality "1"]

1. d4 d5 2. c4 c6 3. Nf3 Nf6 4. Nc3 dxc4 5. a4 Bf5 6. e3 e6 7. Bxc4 Bb4 8. 0-0 Nfd7 9. e4 Bg6 10. Qe2 0-0 11. Bf4 Re8 12. e5 a5 13. Ne4 Nb6 14. Nd6 Bxd6 15. exd6 Nd5 16. Bg3 Nd7 17. Nh4 N7f6 18. Nxg6 hxg6 19. Bxd5 exd5 20. Qd3 Qd7 21. f3 Re6 22. Rfe1 Rae8 23. Qc3 Qd8 24. h3 Nd7 25. b4 axb4 26. Qxb4 Rxe1+ 27. Rxe1 Rxe1+ 28. Qxe1 Nf6 29. Qe5 Ne8 30. Bh4 f6 31. Qe6+ Kh7 32. Bg3 f5 33. Be5 f4 34. Bxf4 Nf6 35. Bg5 Qd7 36. Qe5 Ne8 37. Qe7 Qxd6 38. Qxe8 Qb4 39. Qe7 Qxd4+ 40. Kh2 Qxa4 41. Qxb7 Qc4 42. Qc7 Qc3 43. Bf4 Qb4 44. Be5 Qf8 45. Qxc6 d4 46. Qd5 g5 47. Qxd4 Qf5 48. Qe4 1-0

[Event "Hofheim Spring op-B 7th"]
[Site "Hofheim"]
[Date "2019.04.25"]
[Round "5"]
[White "Heymann, Walter"]
[Black "Supplieth, Peter"]
[Result "0-1"]
[WhiteElo "1726"]
[BlackElo "1904"]
[PlyCount "94"]
[EventDate "2019.04.23"]
[EventType "swiss"]
[EventRounds "9"]
[EventCountry "GER"]
[SourceTitle "CBM 190 Extra"]
[Source "ChessBase"]
[SourceDate "2019.07.15"]
[SourceVersion "1"]
[SourceVersionDate "2019.07.15"]
[SourceQuality "1"]

1. f4 d5 2. b3 Bg4 3. Bb2 e6 4. d3 Nd7 5. Nd2 Ngf6 6. Ngf3 Bd6 7. e3 Qe7 8. Be2 e5 9. fxe5 Nxe5 10. Nd4 0-0-0 11. Bxg4+ Nexg4 12. Nf5 Qd7 13. Nxd6+ Qxd6 14. Qf3 Nxe3 15. Qxe3 Rhe8 16. Ne4 dxe4 17. d4 Nd5 18. Qh3+ Kb8 19. 0-0-0 Qg6 20. g3 e3 21. Rhe1 Rd6 22. Re2 f5 23. Rf1 Rf6 24. a3 f4 25. g4 f3 26. Rxf3 Nf4 27. Rxf4 Rxf4 28. Rxe3 Rxe3 29. Qxe3 Qe4 30. Qxe4 Rxe4 31. h3 Re3 32. d5 g6 33. h4 Re4 34. g5 Rxh4 35. c4 Kc8 36. Kc2 Rh3 37. Be5 Kd7 38. Bf4 c6 39. dxc6+ Kxc6 40. a4 a6 41. a5 Kc5 42. Bc1 Kb4 43. Bd2+ Ka3 44. Bc1+ Ka2 45. b4 Rb3 46. Bd2 Ka3 47. c5 Rb2+ 0-1

[Event "Hofheim Spring op-B 7th"]
[Site "Hofheim"]
[Date "2019.04.23"]
[Round "1"]
[White "Wachsmann, Elmar"]
[Black "Supplieth, Peter"]
[Result "0-1"]
[WhiteElo "1740"]
[BlackElo "1904"]
[PlyCount "50"]
[EventDate "2019.04.23"]
[EventType "swiss"]
[EventRounds "9"]
[EventCountry "GER"]
[SourceTitle "CBM 190 Extra"]
[Source "ChessBase"]
[SourceDate "2019.07.15"]
[SourceVersion "1"]
[SourceVersionDate "2019.07.15"]
[SourceQuality "1"]

1. d4 d5 2. c4 c6 3. Nc3 Nf6 4. Bf4 dxc4 5. a4 Bf5 6. e3 e6 7. Bxc4 Bb4 8. Nf3 Nd5 9. Bxd5 exd5 10. 0-0 0-0 11. Na2 Be7 12. b4 Nd7 13. Qb3 a6 14. Nc3 Qb6 15. b5 axb5 16. axb5 Bd3 17. Rfd1 Bc4 18. Qb1 cxb5 19. Rxa8 Rxa8 20. e4 b4 21. Nxd5 Bxd5 22. exd5 b3 23. Rd2 Bb4 24. Re2 Bc3 25. Qe4 b2 0-1

[Event "Hofheim Spring op-B 6th"]
[Site "Hofheim"]
[Date "2018.04.06"]
[Round "7"]
[White "Supplieth, Peter"]
[Black "Froehlich Dill, Astrid"]
[Result "1/2-1/2"]
[WhiteElo "1925"]
[BlackElo "1866"]
[PlyCount "160"]
[EventDate "2018.04.03"]
[EventType "swiss"]
[EventRounds "9"]
[EventCountry "GER"]
[SourceTitle "EXT 2020"]
[Source "ChessBase"]
[SourceDate "2019.10.17"]
[SourceVersion "1"]
[SourceVersionDate "2019.10.17"]
[SourceQuality "1"]

1. Nf3 e6 2. c4 c5 3. g3 b6 4. Bg2 Bb7 5. 0-0 Nf6 6. d3 Be7 7. b3 Qc7 8. Bb2 0-0 9. Na3 a6 10. Nc2 d6 11. d4 Nbd7 12. e3 Rab8 13. Qe2 h6 14. Rfd1 b5 15. cxb5 axb5 16. dxc5 Nxc5 17. Ncd4 b4 18. Rdc1 Qb6 19. Qd1 Rfc8 20. Bf1 Nce4 21. Nb5 e5 22. a4 bxa3 23. Nxa3 Nc5 24. Nd2 Qc6 25. f3 Nd5 26. Qe1 Bg5 27. Nac4 f5 28. h4 Bf6 29. Na5 Qe8 30. Nxb7 Nxb7 31. Bc4 Rxc4 32. Nxc4 Qg6 33. Kh2 Nc5 34. Rd1 Nb4 35. Rxd6 Nbd3 36. Qe2 Nxb2 37. Qxb2 Qh5 38. Qf2 Rxb3 39. Rad1 e4 40. R6d5 Nd3 41. Qg2 exf3 42. Qh3 Nf2 43. Qxf5 Qxf5 44. Rxf5 Nxd1 45. Rxf3 Rc3 46. Nd6 Rxe3 47. Rf1 Nc3 48. Nf5 Re2+ 49. Kh3 Ne4 50. Rf3 Rf2 51. Rxf2 Nxf2+ 52. Kg2 Ne4 53. Kf3 Nc5 54. Kf4 Kf7 55. g4 Ne6+ 56. Ke4 Bd8 57. Nd6+ Kf8 58. Nf5 Ba5 59. Ke5 Nc5 60. Kf4 Bd2+ 61. Ke5 Nd3+ 62. Ke6 Nf4+ 63. Ke5 Kf7 64. Nd6+ Kf8 65. Nf5 Ng6+ 66. Ke6 Nf4+ 67. Ke5 Nd3+ 68. Ke6 g6 69. Ne7 Kg7 70. h5 gxh5 71. gxh5 Nf4+ 72. Ke5 Nxh5 73. Nf5+ Kg6 74. Nxh6 Bxh6 75. Ke6 Bf4 76. Kd5 Kf5 77. Kd4 Ng3 78. Kd5 Ne2 79. Kc4 Ke4 80. Kc5 Be5 1/2-1/2

[Event "Hofheim Spring op-B 6th"]
[Site "Hofheim"]
[Date "2018.04.05"]
[Round "4"]
[White "Supplieth, Peter"]
[Black "Tojcic, Josip"]
[Result "1/2-1/2"]
[WhiteElo "1925"]
[BlackElo "1732"]
[PlyCount "138"]
[EventDate "2018.04.03"]
[EventType "swiss"]
[EventRounds "9"]
[EventCountry "GER"]
[SourceTitle "EXT 2020"]
[Source "ChessBase"]
[SourceDate "2019.10.17"]
[SourceVersion "1"]
[SourceVersionDate "2019.10.17"]
[SourceQuality "1"]

1. c4 c6 2. d4 d5 3. Nc3 Bf5 4. Nf3 e6 5. e3 Bd6 6. cxd5 exd5 7. Bd3 Bxd3 8. Qxd3 Nd7 9. 0-0 Ngf6 10. e4 dxe4 11. Nxe4 Nxe4 12. Qxe4+ Be7 13. Re1 Nf6 14. Qe5 Kf8 15. Bg5 Nd5 16. Bxe7+ Qxe7 17. Qh5 Qf6 18. Ne5 Rd8 19. Rad1 h6 20. Qg4 Nb6 21. Rd3 Kg8 22. Rf3 Qe6 23. Qxe6 fxe6 24. Ng6 Rh7 25. Rxe6 Nd5 26. Rd6 Re8 27. Kf1 Nf6 28. Re3 Rxe3 29. fxe3 Kf7 30. Nh4 Rh8 31. e4 Re8 32. e5 Nd5 33. Rd7+ Re7 34. Rxe7+ Nxe7 35. Ke2 Ke6 36. Kd3 Kd5 37. g4 g6 38. Ng2 g5 39. Ne3+ Ke6 40. Ke4 b5 41. Nf5 Ng8 42. b4 Kd7 43. a3 Ke6 44. Nd6 Ne7 45. Nf5 Nd5 46. Nxh6 Nc3+ 47. Kd3 Nb1 48. Nf5 Nxa3 49. Ne3 c5 50. dxc5 Kxe5 51. h3 a6 52. Kc3 Nb1+ 53. Kd3 Na3 54. Nf5 Nc4 55. Ne7 a5 56. Nc6+ Kd5 57. Nxa5 Nxa5 58. bxa5 Kxc5 59. Kc3 b4+ 60. Kb3 Kb5 61. a6 Kxa6 62. Kxb4 Kb6 63. Kc4 Kc6 64. Kd4 Kd6 65. Ke4 Ke6 66. Kf3 Ke5 67. Kg3 Kf6 68. h4 gxh4+ 69. Kxh4 Kg6 1/2-1/2

[Event "Hofheim Spring op-B 6th"]
[Site "Hofheim"]
[Date "2018.04.04"]
[Round "2"]
[White "Supplieth, Peter"]
[Black "Spelleken, Hans Gerd"]
[Result "1/2-1/2"]
[WhiteElo "1925"]
[BlackElo "1781"]
[PlyCount "38"]
[EventDate "2018.04.03"]
[EventType "swiss"]
[EventRounds "9"]
[EventCountry "GER"]
[SourceTitle "EXT 2020"]
[Source "ChessBase"]
[SourceDate "2019.10.17"]
[SourceVersion "1"]
[SourceVersionDate "2019.10.17"]
[SourceQuality "1"]

1. e4 d5 2. exd5 Qxd5 3. Nc3 Qd8 4. d4 Nf6 5. Bc4 Bg4 6. Nge2 e6 7. f3 Bh5 8. Be3 Nbd7 9. d5 exd5 10. Nxd5 Bd6 11. Bf4 Ne5 12. Bxe5 Bxe5 13. Nef4 Nxd5 14. Qxd5 Bxf4 15. Qxh5 Qd2+ 16. Kf1 0-0 17. Bd3 g6 18. Qh4 Qb4 19. Rd1 Qd6 1/2-1/2

[Event "GER-chB Seniors 29th"]
[Site "Berlin"]
[Date "2017.08.11"]
[Round "4"]
[White "Schroeter, Reinhard"]
[Black "Supplieth, Peter"]
[Result "0-1"]
[WhiteElo "1783"]
[BlackElo "1917"]
[PlyCount "42"]
[EventDate "2017.08.07"]
[EventType "swiss"]
[EventRounds "9"]
[EventCountry "GER"]
[SourceTitle "EXT 2019"]
[Source "ChessBase"]
[SourceDate "2018.10.10"]
[SourceVersion "1"]
[SourceVersionDate "2018.10.10"]
[SourceQuality "1"]

1. d4 d5 2. Nf3 Nf6 3. c4 c6 4. cxd5 cxd5 5. Nc3 Nc6 6. Bf4 e6 7. a3 Be7 8. e3 Nh5 9. Be2 Nxf4 10. exf4 Bf6 11. Bb5 0-0 12. Bxc6 bxc6 13. Ne5 Ba6 14. Ne2 Qb6 15. b4 Rfd8 16. Ra2 Bc4 17. Rd2 a5 18. Qa4 Bb5 19. Qb3 axb4 20. axb4 Ra1+ 21. Rd1 Ba4 0-1

[Event "Rheinland Pfalz op Seniors 13th"]
[Site "Neustadt an der Weinstrasse"]
[Date "2015.07.16"]
[Round "7"]
[White "Welsch, Dieter"]
[Black "Supplieth, Peter"]
[Result "0-1"]
[WhiteElo "1815"]
[BlackElo "2007"]
[PlyCount "108"]
[EventDate "2015.07.10"]
[EventType "swiss"]
[EventRounds "7"]
[EventCountry "GER"]
[SourceTitle "EXT 2019"]
[Source "ChessBase"]
[SourceDate "2018.10.10"]
[SourceVersion "1"]
[SourceVersionDate "2018.10.10"]
[SourceQuality "1"]

1. e4 Nf6 2. Nc3 d5 3. e5 Ne4 4. d4 e6 5. Bd3 c5 6. Nxe4 dxe4 7. Bxe4 Qxd4 8. Qe2 Be7 9. Nf3 Qb4+ 10. c3 Qb6 11. 0-0 Nc6 12. Be3 Qc7 13. Bf4 Bd7 14. Rad1 h6 15. a3 g5 16. Bg3 g4 17. Nh4 h5 18. b4 Qd8 19. Ng6 fxg6 20. Bxg6+ Kf8 21. Qd3 Be8 22. Qe4 Qc7 23. f3 h4 24. fxg4+ Kg7 25. Bxe8 Raxe8 26. Bf4 a6 27. Qe3 Ref8 28. Rde1 cxb4 29. axb4 Qd8 30. Rd1 Qe8 31. h3 Qg6 32. Rd7 Rd8 33. Rxb7 Kg8 34. Qb6 Qe8 35. Qc7 Rh7 36. Bg5 Bc5+ 37. bxc5 Rxc7 38. Rxc7 Rc8 39. Rb7 Nxe5 40. Bf6 Nd7 41. Bxh4 Rxc5 42. Bf6 Nxf6 43. Rxf6 Rxc3 44. Rb6 Rc6 45. Rb7 e5 46. Rf5 Rg6 47. Rf3 e4 48. Rfb3 Rc6 49. h4 Rc8 50. Kf2 Qe5 51. g3 e3+ 52. Rxe3 Rc2+ 53. Kf3 Qd5+ 54. Kf4 Rf2+ 0-1

[Event "GER-chA Seniors 26th"]
[Site "Bad Neuenahr"]
[Date "2014.08.13"]
[Round "9"]
[White "Denda, Ronald"]
[Black "Supplieth, Peter"]
[Result "1-0"]
[WhiteElo "1991"]
[BlackElo "2009"]
[PlyCount "57"]
[EventDate "2014.08.05"]
[EventType "swiss"]
[EventRounds "9"]
[EventCountry "GER"]
[SourceTitle "EXT 2018"]
[Source "ChessBase"]
[SourceDate "2017.10.13"]
[SourceVersion "1"]
[SourceVersionDate "2017.10.13"]
[SourceQuality "1"]

1. e4 Nf6 2. Nc3 d5 3. exd5 Nxd5 4. Bc4 c6 5. Qf3 e6 6. d3 Nd7 7. Qg3 N7f6 8. Nge2 Bd6 9. Qxg7 Rg8 10. Qh6 Rg6 11. Qd2 Rxg2 12. Ng3 Ng4 13. Nce4 Rxh2 14. Rxh2 Nxh2 15. Qe2 Bf4 16. Qh5 Bxc1 17. Rxc1 e5 18. Qxh2 Be6 19. Qxh7 Qa5+ 20. c3 0-0-0 21. Ne2 b5 22. Bb3 b4 23. Qg7 bxc3 24. bxc3 Nf4 25. Bxe6+ fxe6 26. Nxf4 exf4 27. Rb1 Rd7 28. Qf8+ Kc7 29. Qb8# 1-0

[Event "GER-chA Seniors 26th"]
[Site "Bad Neuenahr"]
[Date "2014.08.07"]
[Round "3"]
[White "Hein, Manfred"]
[Black "Supplieth, Peter"]
[Result "0-1"]
[WhiteElo "2075"]
[BlackElo "2009"]
[PlyCount "104"]
[EventDate "2014.08.05"]
[EventType "swiss"]
[EventRounds "9"]
[EventCountry "GER"]
[SourceTitle "EXT 2018"]
[Source "ChessBase"]
[SourceDate "2017.10.13"]
[SourceVersion "1"]
[SourceVersionDate "2017.10.13"]
[SourceQuality "1"]

1. d4 d5 2. Nf3 Nf6 3. e3 Nbd7 4. c4 c6 5. Nc3 e6 6. cxd5 exd5 7. Bd3 Bd6 8. h3 0-0 9. 0-0 Re8 10. Qc2 Qe7 11. Re1 Ne4 12. Bxe4 dxe4 13. Nd2 Nf6 14. f3 exf3 15. Nxf3 Bg3 16. Rf1 Be6 17. Ne2 Bc7 18. e4 h6 19. Be3 Bxh3 20. gxh3 Qxe4 21. Qxe4 Rxe4 22. Kf2 Rae8 23. Nc3 Rxe3 24. Ne5 Rxh3 25. Kg2 Rh5 26. Nf3 Ng4 27. Rfe1 Kf8 28. Ne4 f5 29. Nc5 Ne3+ 30. Kf2 f4 31. b3 Ba5 32. Rg1 Re7 33. Ne5 Ke8 34. Kf3 Nd5 35. Rg6 Bc3 36. Rd1 Bxd4 37. Rxd4 Rhxe5 38. Ne4 Kf7 39. Rg1 R7e6 40. Nc5 Re3+ 41. Kg4 g5 42. Nd3 Kg6 43. Nxf4+ gxf4 44. Kh4+ Kf5 45. Rg8 Re2 46. Rf8+ Nf6 47. Rd3 Rh2+ 48. Rh3 Rxh3+ 49. Kxh3 Re3+ 50. Kg2 Re2+ 51. Kf3 Rxa2 52. Rf7 b6 0-1

[Event "GER-chA Seniors 26th"]
[Site "Bad Neuenahr"]
[Date "2014.08.06"]
[Round "2"]
[White "Supplieth, Peter"]
[Black "Schulz, Michael"]
[Result "0-1"]
[WhiteElo "2009"]
[BlackElo "2218"]
[PlyCount "120"]
[EventDate "2014.08.05"]
[EventType "swiss"]
[EventRounds "9"]
[EventCountry "GER"]
[SourceTitle "EXT 2018"]
[Source "ChessBase"]
[SourceDate "2017.10.13"]
[SourceVersion "1"]
[SourceVersionDate "2017.10.13"]
[SourceQuality "1"]

1. e4 g6 2. d4 Bg7 3. c4 Nc6 4. Nf3 e5 5. Be3 d6 6. Be2 Bg4 7. d5 Nce7 8. Nc3 a6 9. 0-0 Qd7 10. c5 Nf6 11. h3 Bxf3 12. Bxf3 0-0 13. cxd6 cxd6 14. Na4 Nc8 15. Rc1 b5 16. Nc3 Ne7 17. Qd2 Rfc8 18. Ne2 Ne8 19. Qa5 f5 20. Rxc8 Rxc8 21. Nc3 Qb7 22. a3 Nf6 23. exf5 gxf5 24. Bg5 e4 25. Bd1 Kh8 26. Bb3 Ng6 27. Qb4 Qc7 28. Rc1 Qb6 29. Be3 Qd8 30. Ne2 Rxc1+ 31. Bxc1 Qc7 32. Be3 Nd7 33. Nd4 Qc5 34. Qd2 f4 35. Ne6 fxe3 36. Nxc5 exd2 37. Nxd7 Bxb2 38. Kf1 Nf4 39. g3 Nd3 40. Ke2 Bxa3 41. Kxd2 Nxf2 42. Bc2 Nxh3 43. Bxe4 Kg7 44. Bd3 Ng5 45. Nb8 a5 46. Nc6 Bc5 47. g4 a4 48. Bxb5 a3 49. Bc4 Ne4+ 50. Kc2 Nf6 51. Nd8 Nxg4 52. Ne6+ Kf6 53. Be2 Ne3+ 54. Kb3 Nxd5 55. Nxc5 dxc5 56. Kxa3 Ke5 57. Kb3 Kd4 58. Kc2 Nf4 59. Bf3 h5 60. Kd2 c4 0-1

[Event "GER-chA Seniors 26th"]
[Site "Bad Neuenahr"]
[Date "2014.08.05"]
[Round "1"]
[White "Kalkmann, Hans"]
[Black "Supplieth, Peter"]
[Result "0-1"]
[WhiteElo "1963"]
[BlackElo "2009"]
[PlyCount "80"]
[EventDate "2014.08.05"]
[EventType "swiss"]
[EventRounds "9"]
[EventCountry "GER"]
[SourceTitle "EXT 2018"]
[Source "ChessBase"]
[SourceDate "2017.10.13"]
[SourceVersion "1"]
[SourceVersionDate "2017.10.13"]
[SourceQuality "1"]

1. Nf3 Nf6 2. g3 d5 3. d4 c6 4. Bg2 Nbd7 5. 0-0 e6 6. e3 Bd6 7. b3 0-0 8. Bb2 Re8 9. Nbd2 e5 10. dxe5 Nxe5 11. c4 Bg4 12. Qc2 Qd7 13. Nxe5 Bxe5 14. cxd5 Nxd5 15. Bxe5 Rxe5 16. Nc4 Rh5 17. f3 Bh3 18. e4 Bxg2 19. Qxg2 Nc3 20. Qf2 Rd8 21. Rac1 Qd3 22. Rc2 Nd1 23. Qd2 Qxd2 24. Rxd2 Rxd2 25. Nxd2 Nc3 26. Nc4 b5 27. Na5 c5 28. Rf2 Kf8 29. Rd2 Rh6 30. Rd8+ Ke7 31. Rc8 Ne2+ 32. Kg2 Ra6 33. Nb7 Rxa2 34. Rxc5 Nd4+ 35. Kh3 Nxf3 36. Rxb5 a6 37. Rd5 f6 38. Nc5 Rxh2+ 39. Kg4 Ne5+ 40. Kf4 Rf2+ 0-1

[Event "Wiesbaden op 25th"]
[Site "Wiesbaden"]
[Date "2013.08.25"]
[Round "6"]
[White "Frey, Thomas"]
[Black "Supplieth, Peter"]
[Result "0-1"]
[WhiteElo "2113"]
[BlackElo "2009"]
[PlyCount "56"]
[EventDate "2013.08.22"]
[EventType "swiss"]
[EventRounds "7"]
[EventCountry "GER"]
[SourceTitle "CBM 156 Extra"]
[Source "ChessBase"]
[SourceDate "2013.10.22"]
[SourceVersion "1"]
[SourceVersionDate "2013.10.22"]
[SourceQuality "1"]

1. d4 Nf6 2. c4 g6 3. Nc3 d5 4. Nf3 Bg7 5. Qb3 c6 6. cxd5 Nxd5 7. e4 Nxc3 8. bxc3 0-0 9. Ba3 b5 10. Be2 Be6 11. Qc2 h6 12. 0-0 Nd7 13. Nd2 a5 14. Nb3 Nb6 15. Rad1 Qc7 16. Bc5 Na4 17. Ba3 Nb6 18. Nc5 Bc4 19. Nd3 b4 20. Bb2 Bxa2 21. cxb4 Bc4 22. bxa5 Rxa5 23. Ra1 Rfa8 24. Nb4 Bxe2 25. Qxe2 Rxa1 26. Bxa1 Qd6 27. Na6 Qa3 28. Nc7 Qxa1 0-1

[Event "Paderborn op 09th"]
[Site "Paderborn"]
[Date "2012.12.27"]
[Round "1"]
[White "Supplieth, Peter"]
[Black "Karpatchev, Aleksandr"]
[Result "0-1"]
[WhiteElo "2009"]
[BlackElo "2481"]
[PlyCount "25"]
[EventDate "2012.12.27"]
[EventType "swiss"]
[EventRounds "7"]
[EventCountry "GER"]
[SourceTitle "CBM 152 Extra"]
[Source "ChessBase"]
[SourceDate "2013.02.25"]
[SourceVersion "1"]
[SourceVersionDate "2013.02.25"]
[SourceQuality "1"]

1. e4 e5 2. Nf3 Nc6 3. Bb5 a6 4. Ba4 Nge7 5. 0-0 g6 6. c3 Bg7 7. d4 exd4 8. cxd4 b5 9. Bc2 0-0 10. Nc3 d6 11. h3 Na5 12. Ne2 Bb7 13. Ng3 0-1

[Event "Rheinland Pfalz op 2nd"]
[Site "Schweich"]
[Date "2010.07.18"]
[Round "7"]
[White "Wagner, Stefan1111"]
[Black "Supplieth, Peter"]
[Result "1/2-1/2"]
[WhiteElo "1905"]
[BlackElo "2037"]
[PlyCount "38"]
[EventDate "2010.07.16"]
[EventType "swiss"]
[EventRounds "7"]
[EventCountry "GER"]
[SourceTitle "EXT 2012"]
[Source "ChessBase"]
[SourceDate "2011.11.24"]
[SourceVersion "1"]
[SourceVersionDate "2011.11.24"]
[SourceQuality "1"]

1. d4 Nf6 2. c4 e5 3. dxe5 Ng4 4. Bf4 Nc6 5. Nf3 Bb4+ 6. Nc3 Qe7 7. Qd5 Bxc3+ 8. bxc3 f6 9. exf6 Nxf6 10. Qd3 d6 11. e3 0-0 12. Be2 Bg4 13. 0-0 Rae8 14. Nd4 Bd7 15. Rab1 Ne4 16. Qc2 Nc5 17. Bd3 g6 18. Rb2 a6 19. h3 Ne4 1/2-1/2

[Event "Rheinland Pfalz op 2nd"]
[Site "Schweich"]
[Date "2010.07.17"]
[Round "5"]
[White "Supplieth, Peter"]
[Black "Meisch, Tanguy"]
[Result "1-0"]
[WhiteElo "2037"]
[BlackElo "1648"]
[PlyCount "49"]
[EventDate "2010.07.16"]
[EventType "swiss"]
[EventRounds "7"]
[EventCountry "GER"]
[SourceTitle "EXT 2012"]
[Source "ChessBase"]
[SourceDate "2011.11.24"]
[SourceVersion "1"]
[SourceVersionDate "2011.11.24"]
[SourceQuality "1"]

1. e4 e6 2. d4 d5 3. Nc3 Bb4 4. Bd2 dxe4 5. Qg4 Qxd4 6. 0-0-0 Ne7 7. Bf4 Qxf2 8. Nxe4 f5 9. Nxf2 fxg4 10. Bxc7 0-0 11. Nxg4 Nbc6 12. Nf3 Nd5 13. Bg3 b6 14. Bb5 Bb7 15. a3 Be7 16. Rhe1 h5 17. Bxc6 Bxc6 18. Nge5 Bb7 19. Ng6 Rf6 20. Nge5 Rc8 21. Bh4 Rf5 22. Bxe7 Nxe7 23. Rd7 Bxf3 24. Nxf3 Nc6 25. Rxe6 1-0

[Event "Goch op 19th"]
[Site "Goch"]
[Date "2008.10.10"]
[Round "3"]
[White "Elser, Niklas"]
[Black "Supplieth, Peter"]
[Result "1-0"]
[WhiteElo "1863"]
[BlackElo "2055"]
[PlyCount "71"]
[EventDate "2008.10.09"]
[EventType "swiss"]
[EventRounds "7"]
[EventCountry "GER"]
[SourceTitle "EXT 2011"]
[Source "ChessBase"]
[SourceDate "2010.11.26"]
[SourceVersion "1"]
[SourceVersionDate "2010.11.26"]
[SourceQuality "1"]

1. e4 Nf6 2. e5 Nd5 3. c4 Nb6 4. c5 Nd5 5. Nc3 e6 6. Nxd5 exd5 7. d4 d6 8. cxd6 cxd6 9. Nf3 Nc6 10. Bd3 dxe5 11. dxe5 Bb4+ 12. Bd2 0-0 13. 0-0 Bxd2 14. Qxd2 Bg4 15. Be2 d4 16. Rad1 Qd5 17. Nxd4 Bxe2 18. Nxe2 Qxa2 19. Nc3 Qb3 20. f4 Rad8 21. Qf2 Rxd1 22. Rxd1 f6 23. exf6 Rxf6 24. Rd7 Rf7 25. Qe2 Rxf4 26. Nd5 Rf8 27. h3 Qg3 28. Qe6+ Kh8 29. Rf7 Rd8 30. Qf5 Qe1+ 31. Kh2 h6 32. Nf4 Qe5 33. Qxe5 Nxe5 34. Rxb7 Rd7 35. Ng6+ Kg8 36. Rb8+ 1-0